000 00590nam a2200205Ia 4500
005 20250508151857.0
008 008 250505s9999 xx 000 0 eng d
037 _aTextual
040 _aFEDL
_beng
_cFEDL
041 _aeng
_2eng
084 _a371.42, MAT
_qFEDL
100 _aMathewson Robert Hendry
_9139978
245 0 _aGuidance policy and practice
250 _aRev.
260 _aNew York, USA
_bHarper and Brothers Publisher
_c1955
300 _axii,424p.
490 _aEducation for living series
942 _cTEXL
_h371.42, MAT
999 _c1332652
_d1332652